1620 1192 1488 1255 1151 1455 1804 1150 1792 1131 1844 1294 1835 1711 1114 1837 1981 1226 1775 1763 1883 1875 1468 1015 1376 1306 1173 1979 1510 1782 1031 1359 1648 1481 1067 1348 1462 1636 1248 1190 1798 1844 1097 1979 1510 1232 1379 1554 1177 1449 1279 1193 1019 1672 1481 1892 1358 1250 1556 1062 1989 1608 1886 1394 1197 1307 1640 1218 1331 1927 1752 1090 1553 1566 1570 1175 1923 1926 1946 1872 1162 1620 1681 1462 1729 1824 1207 1590 1255 1870 1784 1383 1830 1516 1629 1919 1568 1594 1376 BCNSPRNW ULIB Ver.6.0+V

เปลี่ยนเป็นภาษาไทย

Change to English
 แสดงรายละเอียดบรรณานุกรม
  กลับหน้าหลัก

Brief Record : Get Marc (ISO 2709) : E-mail record : QR code < ปิดหน้าต่าง
LEADER : 00000nam 2200000uu 4500
001    13399112132
003     ULIB
008    110228s2535||||th 000 0 tha d
020    97458735
060 04 WY16^bฟ51ส 2535
100 0  ฟาริดา อิบราฮิม
245 10 สาระแห่งวิชาชีพการพยาบาล /^cฟาริดา อิบราฮิม
260    [กรุงเทพฯ] :^bสามเจริญพาณิชย์,^c2535
300    292 หน้า
650  7 วิชาชีพพยาบาล
650  7 การพยาบาล
945    ^p0^l0^i007585
945    ^p0^l0^i007586
945    ^p0^l0^i007587
995    ทศพร
999 ^a ใช้งานได้ทุกระบบ
รายการนี้ยังไม่มีแท็ก
คุณยังไม่ได้ล็อกอิน คุณสามารถมีกิจกรรมร่วมกับเว็บไซต์ได้ แต่ต้องล็อกอินก่อน ::
  ล็อกอิน

รายการสื่อสารสนเทศ

ลำดับที่ ประเภท เลขเรียก/บาร์โค้ด สถานที่ สถานะ
- ไม่พบข้อมูล -

รายการใกล้เคียง
    ผู้แต่ง [ฟาริดา อิบราฮิม]

    หัวเรื่อง [วิชาชีพพยาบาล]
    หัวเรื่อง [การพยาบาล]

BibComment


ยังไม่เคยถูกคอมเมนท์

คอมเมนท์ทรัพยากรรายการนี้
  คอมเมนท์: สาระแห่งวิชาชีพกา..


 Copyright 2026. Bcnsprnw @Library